| 000 | 01450cam a22004337a 4500 | ||
|---|---|---|---|
| 003 | CHAP | ||
| 005 | 20220817043548.0 | ||
| 008 | 990701d1997 it rn 00110 eng d | ||
| 010 | _a78537 | ||
| 011 | _a79509 | ||
| 020 | _a925104077X | ||
| 035 | _a89766 | ||
| 040 | _cCHAP | ||
| 082 | 0 | 4 |
_a631.5 _bF33 v.13 |
| 110 | 2 | _aFAO | |
| 245 | 1 | 0 |
_aFarm management for Asia : _ba systems approach _c/by Douglas J. McConnell and John L. Dillon |
| 260 |
_aRome : _bFAO, _c1997. |
||
| 300 |
_a355 p. : _bgráfs. ; cuadros |
||
| 410 | 2 | _aFAO | |
| 490 | 0 |
_aGestión de sistemas de explotación agrícola _v; 13 |
|
| 590 |
_aBATCH-UPD _b10 _c20130110 _lUCH01 _h0040 |
||
| 590 |
_aBATCH-UPD _b10 _c20130110 _lUCH01 _h0747 |
||
| 590 |
_aBATCH-UPD _b10 _c20130409 _lUCH01 _h2025 |
||
| 590 |
_aBATCH-UPD _b10 _c20130410 _lUCH01 _h0428 |
||
| 590 |
_aBATCH-UPD _b10 _c20130914 _lUCH01 _h1216 |
||
| 590 |
_aCONVERSION _b10 _c20130109 _lUCH01 _h1343 |
||
| 650 | 1 | 4 |
_aAgricultura _xAsia. _91194 |
| 650 | 1 | 4 |
_aEmpresas agropecuarias. _936649 |
| 650 | 1 | 4 |
_aPolítica agrícola _zAsia. _990381 |
| 650 | 1 | 4 |
_aSistemas de cultivo _zAsia. _9106755 |
| 700 | 0 |
_aDillon, John L. _932591 |
|
| 700 | 0 |
_aMcConnell, Douglas J. _973415 |
|
| 810 | 0 | _aFAO | |
| 830 | 0 | 0 |
_aGestión de sistemas de explotación agrícola _v; 13 _947804 |
| 901 | _aBK | ||
| 905 | _aLilia Sánchez G. | ||
| 942 | _cLIBRO | ||
| 949 |
_a631.5 F33 v.13 _bBC _cFAO _d33724000734554 _eFAO1 _h95918 _i89766 _kDonaciØn _sb |
||
| 999 |
_c78537 _d78537 |
||